<?xml version="1.0" encoding="UTF-8"?><?xml-stylesheet type="text/xsl" href="static/style.xsl"?><OAI-PMH xmlns="http://www.openarchives.org/OAI/2.0/" xmlns:xsi="http://www.w3.org/2001/XMLSchema-instance" xsi:schemaLocation="http://www.openarchives.org/OAI/2.0/ http://www.openarchives.org/OAI/2.0/OAI-PMH.xsd"><responseDate>2026-04-29T04:08:33Z</responseDate><request verb="GetRecord" identifier="oai:repisalud.isciii.es:20.500.12105/10102" metadataPrefix="marc">https://repisalud.isciii.es/rest/oai/request</request><GetRecord><record><header><identifier>oai:repisalud.isciii.es:20.500.12105/10102</identifier><datestamp>2025-06-19T11:41:39Z</datestamp><setSpec>com_20.500.12105_2052</setSpec><setSpec>com_20.500.12105_2051</setSpec><setSpec>col_20.500.12105_19613</setSpec></header><metadata><record xmlns="http://www.loc.gov/MARC21/slim" xmlns:dcterms="http://purl.org/dc/terms/" xmlns:doc="http://www.lyncode.com/xoai" xmlns:xsi="http://www.w3.org/2001/XMLSchema-instance" xsi:schemaLocation="http://www.loc.gov/MARC21/slim http://www.loc.gov/standards/marcxml/schema/MARC21slim.xsd">
   <leader>00925njm 22002777a 4500</leader>
   <datafield ind2=" " ind1=" " tag="042">
      <subfield code="a">dc</subfield>
   </datafield>
   <datafield ind2=" " ind1=" " tag="720">
      <subfield code="a">Sanz-Barbero, Belén</subfield>
      <subfield code="e">author</subfield>
   </datafield>
   <datafield ind2=" " ind1=" " tag="720">
      <subfield code="a">López Pereira, Patricia</subfield>
      <subfield code="e">author</subfield>
   </datafield>
   <datafield ind2=" " ind1=" " tag="720">
      <subfield code="a">Barrio, Gregorio</subfield>
      <subfield code="e">author</subfield>
   </datafield>
   <datafield ind2=" " ind1=" " tag="720">
      <subfield code="a">Vives-Cases, Carmen</subfield>
      <subfield code="e">author</subfield>
   </datafield>
   <datafield ind2=" " ind1=" " tag="260">
      <subfield code="c">2018</subfield>
   </datafield>
   <datafield ind2=" " ind1=" " tag="520">
      <subfield code="a">BACKGROUND: The magnitude of intimate partner violence (IPV) in young women is a source of increasing concern. The prevalence of IPV has not been analysed in Europe as a whole. The objective was to assess the prevalence and main characteristics of experiencing physical and/or sexual and psychological-only IPV among young women in the European Union and to identify individual and contextual associated risk factors. METHODS: We analysed a cross-sectional subsample of 5976 ever-partnered women aged 18-29 years from the European Union Agency for Fundamental Rights Violence Against Women Survey, 2012. The main outcomes were current physical and/or sexual IPV and lifetime psychological-only IPV. Risk factors were assessed by the prevalence ratio (PR) from multilevel Poisson regression models. RESULTS: Current prevalence of physical and/or sexual IPV was 6.1%, lifetime prevalence of psychological-only IPV was 28.7%. Having suffered physical and/or sexual abuse by an adult before age 15 was the strongest risk factor for IPV (PR: 2.9 for physical and/or sexual IPV, PR: 1.5 for psychological-only IPV). Other individual risk factors were: perceived major difficulties in living within their household income (PR: 2.6), having children (PR: 1.8) and age 18-24 years (PR: 1.5) for physical/sexual IPV and immigration background for psychological-only IPV (PR: 1.4). Living in countries with a higher prevalence of binge drinking or early school dropout was positively associated with IPV. CONCLUSIONS: Findings show that the fight against violence in young women should consider individual characteristics, childhood experiences of abuse and also structural interventions including reduction of alcohol consumption and improvement in the education-related indicators.</subfield>
   </datafield>
   <datafield ind1="8" ind2=" " tag="024">
      <subfield code="a">J Epidemiol Community Health. 2018 Jul;72(7):611-616.</subfield>
   </datafield>
   <datafield ind1="8" ind2=" " tag="024">
      <subfield code="a">0143-005X</subfield>
   </datafield>
   <datafield ind1="8" ind2=" " tag="024">
      <subfield code="a">http://hdl.handle.net/20.500.12105/10102</subfield>
   </datafield>
   <datafield ind1="8" ind2=" " tag="024">
      <subfield code="a">29519883</subfield>
   </datafield>
   <datafield ind1="8" ind2=" " tag="024">
      <subfield code="a">10.1136/jech-2017-209701</subfield>
   </datafield>
   <datafield ind1="8" ind2=" " tag="024">
      <subfield code="a">1470-2738</subfield>
   </datafield>
   <datafield ind1="8" ind2=" " tag="024">
      <subfield code="a">Journal of epidemiology and community health</subfield>
   </datafield>
   <datafield tag="653" ind2=" " ind1=" ">
      <subfield code="a">Europe</subfield>
   </datafield>
   <datafield tag="653" ind2=" " ind1=" ">
      <subfield code="a">Cross-sectional study</subfield>
   </datafield>
   <datafield tag="653" ind2=" " ind1=" ">
      <subfield code="a">Intimate partner violence</subfield>
   </datafield>
   <datafield tag="653" ind2=" " ind1=" ">
      <subfield code="a">Multilevel analysis</subfield>
   </datafield>
   <datafield tag="653" ind2=" " ind1=" ">
      <subfield code="a">Young adult</subfield>
   </datafield>
   <datafield ind2="0" ind1="0" tag="245">
      <subfield code="a">Intimate partner violence against young women: prevalence and associated factors in Europe</subfield>
   </datafield>
</record></metadata></record></GetRecord></OAI-PMH>